LEADER 00770nam0-22002891i-450- 001 990007544260403321 005 20061123133315.0 035 $a000754426 035 $aFED01000754426 035 $a(Aleph)000754426FED01 035 $a000754426 100 $a20030814d1951----km-y0itay50------ba 101 0 $aita 102 $aIT 105 $aa-------001yy 200 1 $aIslanda$eInferno spento$fC. Mortari 210 $aTorino$cSocietā editrice internazionale$d1951 215 $a294 p., [40] c. di ill.,$d22 cm 610 0 $aIslanda 700 1$aMortari,$bCurio$0272219 801 0$aIT$bUNINA$gRICA$2UNIMARC 901 $aBK 912 $a990007544260403321 952 $aH-01-062$bI.G. 4760$fILFGE 959 $aILFGE 996 $aIslanda$9685903 997 $aUNINA